[Event "Brussels"]
[Site "Brussels"]
[Date "1987.??.??"]
[Round "?"]
[White "Van der Wiel, John TH"]
[Black "Tal, Mihail"]
[Result "1/2-1/2"]
[WhiteElo "2590"]
[BlackElo "2605"]

1.e4 e5 2.Nf3 Nc6 3.d4 exd4 4.Nxd4 Bb4+ 5.c3 Be7 6.Nxc6 bxc6 7.Bd3 d6 8.O-O Nf6
9.Nd2 O-O 10.Qa4 c5 11.Re1 Re8 12.Nf1 Bd7 13.Qc2 Bc6 14.b4 cxb4 15.cxb4 Qd7
16.Bb2 a5 17.a3  1/2-1/2

[Event "Brussels"]
[Site "Brussels"]
[Date "1987.??.??"]
[Round "?"]
[White "Van der Wiel, John TH"]
[Black "Kortschnoj, Viktor"]
[Result "0-1"]
[WhiteElo "2590"]
[BlackElo "2625"]

1.e4 e6 2.d4 d5 3.Nd2 c5 4.exd5 exd5 5.Ngf3 Nc6 6.Bb5 Bd6 7.dxc5 Bxc5 8.O-O Ne7
9.Nb3 Bb6 10.Be3 Bxe3 11.Bxc6+ bxc6 12.fxe3 O-O 13.Qd2 Qb6 14.Qc3 Rb8 15.Nfd4 Ba6
16.Nf5 Nxf5 17.Rxf5 Bc4 18.Rf3 Rfe8 19.Rg3 g6 20.Rd1 c5 21.Rh3 a5 22.Qe1 a4
23.Nd2 Bxa2 24.Qh4 h5 25.Qxa4 Qxb2 26.Rf1 Re7 27.Qf4 Rbe8 28.Nf3 Bc4 29.Re1 Qc3
30.e4 Rxe4 31.Rxe4 Qa1+ 32.Kf2 Rxe4 33.Qd6 Qf1+ 34.Kg3 Rg4+  0-1

[Event "Brussels"]
[Site "Brussels"]
[Date "1987.??.??"]
[Round "?"]
[White "Timman, Jan H"]
[Black "Kortschnoj, Viktor"]
[Result "1-0"]
[WhiteElo "2590"]
[BlackElo "2625"]

1.e4 e6 2.d4 d5 3.Nc3 Nf6 4.e5 Nfd7 5.f4 c5 6.Nf3 Nc6 7.Be3 Qb6 8.Na4 Qa5+
9.c3 cxd4 10.b4 Nxb4 11.cxb4 Bxb4+ 12.Bd2 Bxd2+ 13.Nxd2 b6 14.Bd3 Ba6 15.Nb2 Bxd3
16.Nxd3 Nc5 17.Nf2 Na4 18.O-O Nc3 19.Qg4 O-O 20.Nf3 Rac8 21.Qh4 Qa4 22.Ng4 Ne2+
23.Kh1 Qc2 24.Rae1 d3 25.Rd1 h6 26.Nxh6+ gxh6 27.Qxh6 f6 28.exf6 Rc7 29.Ne5 Rh7
30.Qg6+  1-0

[Event "Brussels"]
[Site "Brussels"]
[Date "1987.??.??"]
[Round "?"]
[White "Larsen, Bent"]
[Black "Timman, Jan H"]
[Result "1-0"]
[WhiteElo "2565"]
[BlackElo "2590"]

1.c4 Nf6 2.g3 c6 3.Nf3 d5 4.b3 Bg4 5.Bg2 e6 6.O-O Bd6 7.Bb2 O-O 8.Na3 Nbd7
9.d3 a5 10.Nc2 a4 11.b4 Bxf3 12.Bxf3 dxc4 13.dxc4 Be5 14.Bxe5 Nxe5 15.Ne3 Qxd1
16.Rfxd1 Rfd8 17.Bg2 Kf8 18.h3 g5 19.Kf1 h5 20.Ke1 h4 21.gxh4 gxh4 22.b5 Rxd1+
23.Rxd1 Ra5 24.Rd8+ Kg7 25.f4 Ned7 26.bxc6 bxc6 27.Bxc6 Nc5 28.Ra8 Rxa8 29.Bxa8 Nfe4
30.Bxe4 Nxe4 31.Ng2 Nc3 32.Kd2 Nxa2 33.Nxh4 Kf6 34.Nf3 Nb4 35.Kc3 a3 36.Ne5 Kf5
37.Nd3 Nc6 38.c5 f6 39.e3 e5 40.fxe5 fxe5 41.Nf2 e4 42.Kb3 Nb4 43.Kxa3 Nc2+
44.Kb3 Nxe3 45.Kc3 Kf4 46.c6 Nf5 47.c7 Nd6 48.Kc2 e3 49.Ng4 Ke4 50.h4 Kd5
51.h5 Kc6 52.c8=Q+ Nxc8 53.h6 e2 54.Kd2  1-0

[Event "Brussels"]
[Site "Brussels"]
[Date "1987.??.??"]
[Round "?"]
[White "Short, Nigel D"]
[Black "Larsen, Bent"]
[Result "0-1"]
[WhiteElo "2615"]
[BlackElo "2565"]

1.e4 c5 2.Nf3 Nc6 3.d4 cxd4 4.Nxd4 g6 5.c4 Bg7 6.Be3 Nf6 7.Nc3 Ng4 8.Qxg4 Nxd4
9.Qd1 Ne6 10.Rc1 Qa5 11.Be2 b6 12.O-O Bb7 13.f3 g5 14.a3 Qe5 15.Qd2 h5 16.Rfd1 d6
17.b4 h4 18.Nd5 Kf8 19.Bf1 Bc6 20.Qd3 Nf4 21.Nxf4 gxf4 22.Bd4 Qxd4+ 23.Qxd4 Bxd4+
24.Rxd4 Rh5 25.c5 dxc5 26.bxc5 b5 27.e5 h3 28.Re1 hxg2 29.Bxg2 Rc8 30.Rxf4 Bd5
31.e6 f6 32.h4 Rxc5 33.Bh3 Bc6 34.Kf2 Rhd5 35.Re3 f5 36.h5 Kg7 37.h6+ Kxh6
38.Rh4+ Kg7 39.f4 Rc2+ 40.Ke1 Rc1+ 41.Ke2 Be8 42.Rg3+ Bg6 43.Rh5 Rc2+ 44.Ke1 Rc3
45.Rxc3 Bxh5 46.Rc7 Kf6 47.Rxa7 Rd4 48.Bxf5 Kxf5 49.Rxe7 Rd5 50.a4 bxa4 51.Ra7 Rd4
52.Ra5+ Kg4 53.e7 Be8 54.f5 Kg5 55.Ra8 Re4+ 56.Kd2 Rxe7 57.Kc3 Kxf5 58.Kb2 Ke4
59.Rd8 Bd7 60.Rb8 Kd4 61.Rb7 Re2+ 62.Ka3 Re3+ 63.Kb2 a3+ 64.Ka1 Be6 65.Rb1 Kc3
66.Rc1+ Kb4 67.Rb1+ Bb3 68.Rc1 Re2 69.Rg1 Rd2 70.Rg4+ Bc4 71.Rg1 Bd3 72.Rc1 Bc2
73.Ka2 Be4+ 74.Ka1 Bd3  0-1

[Event "Brussels"]
[Site "Brussels"]
[Date "1987.??.??"]
[Round "?"]
[White "Meulders, Richard"]
[Black "Van der Wiel, John TH"]
[Result "1/2-1/2"]
[WhiteElo "2360"]
[BlackElo "2590"]

1.d4 d5 2.c4 c6 3.Nf3 Nf6 4.Nc3 e6 5.Bg5 dxc4 6.e4 b5 7.e5 h6 8.Bh4 g5 9.exf6 gxh4
10.Ne5 Qxf6 11.a4 Bb7 12.Be2 c5 13.Nxb5 Na6 14.Bf3 Bxf3 15.Qxf3 Qxf3 16.gxf3 cxd4
17.Nxc4 Bc5 18.Rd1 O-O-O 19.Ne5 Rd5 20.Nd3 Rhd8 21.Rg1 Nb4 22.Nxa7+ Kb7 23.Nb5 Bf8
24.Rg4 e5 25.Rxh4 Rc8 26.Na3 Ra8 27.Nc4 Nxd3+ 28.Rxd3 Rxa4 29.Rb3+ Kc7 30.Na3 Rb4
31.Rxb4 Bxb4+ 32.Ke2 Bxa3 33.bxa3 Ra5 34.Rxh6 Rxa3 35.Rf6 Kd7 36.f4 e4 37.Rxf7+ Ke6
38.Rf8 Ra2+ 39.Ke1 Ra1+ 40.Kd2 Ra2+ 41.Ke1 d3 42.h3 Ra1+ 43.Kd2 Ra2+ 44.Ke1 Ra1+
45.Kd2 Rf1 46.Re8+ Kd5 47.Rd8+ Kc5 48.f5 Rxf2+ 49.Ke3 Re2+ 50.Kf4 Kc4 51.f6 Kc3
52.f7 d2 53.Rc8+ Kb3 54.Rd8 Kc3 55.Rc8+ Kb2 56.Rb8+ Kc2 57.Rc8+  1/2-1/2

[Event "Brussels"]
[Site "Brussels"]
[Date "1987.??.??"]
[Round "?"]
[White "Larsen, Bent"]
[Black "Kortschnoj, Viktor"]
[Result "0-1"]
[WhiteElo "2565"]
[BlackElo "2625"]

1.c4 Nf6 2.g3 c6 3.Nf3 d5 4.b3 Qb6 5.Bg2 e5 6.O-O e4 7.Ne1 h5 8.Nc3 h4 9.d4 hxg3
10.fxg3 Qa5 11.Qc2 Bb4 12.Bb2 Be6 13.cxd5 Nxd5 14.Nxd5 cxd5 15.a3 Bd2 16.Qd1 Be3+
17.Kh1 Qc7  0-1